Fr. Conceicao Rodrigues College of Engineering

Machine Tools (Record no. 27089)

MARC details
000 -LEADER
fixed length control field 00283nam a2200133Ia 4500
082 ## - DEWEY DECIMAL CLASSIFICATION NUMBER
Classification number 621.9
100 ## - MAIN ENTRY--PERSONAL NAME
Personal name Chernov/A. Besssrebrennikov
245 ## - TITLE STATEMENT
Title Machine Tools
260 ## - PUBLICATION, DISTRIBUTION, ETC.
Name of publisher, distributor, etc. Mir Publishers
Place of publication, distribution, etc. Moscow
Date of publication, distribution, etc. 1975
300 ## - PHYSICAL DESCRIPTION
Extent 422
546 ## - LANGUAGE NOTE
Language note ENGLISH
654 ## - SUBJECT ADDED ENTRY--FACETED TOPICAL TERMS
Focus term tools
942 ## - ADDED ENTRY ELEMENTS (KOHA)
Koha item type BOOK
Holdings
Withdrawn status Lost status Damaged status Not for loan Collection Home library Current library Date acquired Cost, normal purchase price Inventory number Total Checkouts Full call number Barcode Date last seen Cost, replacement price Price effective from Koha item type
        AFT Fr. Agnel's C.Rodrigues College of Engineering Fr. Agnel's C.Rodrigues College of Engineering 17/03/2023 10.50 LVG;2450   621.9 AFT1643 17/03/2023 10.50 17/03/2023 BOOK